Bilecik Bilecik Bilecik Bilecik Bilecik

Irak Savaşı'nda ABD ordusu = (Record no. 69379)

MARC details
000 -BAŞLIK
Sabit Uzunluktaki Kontrol Alanı 01849nam a22004457a 4500
001 - KONTROL NUMARASI
Control Dosyası 0068691
003 - KONTROL NUMARASI KİMLİĞİ
Kontrol Alanı KOHA_MİRAKIL
005 - EN SON İŞLEM TARİHİ ve ZAMANI
Kontrol Alanı 20260207004810.0
007 - FİZİKSEL TANIM SABİT ALAN - GENEL BİLGİ
Sabit uzunluklu kontrol alanı ta
008 - SABİT UZUNLUKTAKİ VERİ ÖGELERİ - GENEL BİLGİ
Sabit Alan 230405b2020 tu |||gr||||#0|||0|tur |
020 ## - ISBN - ULUSLARARASI STANDART KİTAP NUMARASI
Isbn 9786257142021
040 ## - KATALOGLAMA KAYNAĞI
Özgün Kataloglama Kurumu TR-BiSEU
Kataloglama Dili tur
Çeviri Kurumu TR-BiSEU
Açıklama Kuralları rda
041 0# - DİL KODU
Metin ya da ses kaydının dil kodu tur
044 ## - YAYINLAYAN/ÜRETEN KURULUŞUN ÜLKE KODU
ISO country code tu
050 ## - SINIFLAMA ve YER NUMARASI
Sınıflama Numarası DS79.76
Yer Numarası .I73 2020
240 10 - TEK BİÇİM BAŞLIK
Tekbiçim Başlık <a href="The U.S. Army in the Iraq War 2003-2011 : (açıklamalı ve genişletilmiş Türkçe özeti)">The U.S. Army in the Iraq War 2003-2011 : (açıklamalı ve genişletilmiş Türkçe özeti)</a>
Language of a work Türkçe
245 1# - ESER ADI BİLDİRİMİ
Başlık Irak Savaşı'nda ABD ordusu =
Alt Eseradı vb. The U.S. Army in the Iraq War 2003-2011 :
-- (açıklamalı ve genişletilmiş Türkçe özeti)/
Sorumluluk Bildirimi editör Albay Joel D. Rayburn, Albay Frank K. Sobchak; diğer yazarlar Yarbay Jeanne F. Godfroy, Matthew D. Morton, James S. Powell, Yarbay Matthew M. Zais ; çeviren ve yayına hazırlayanlar Doç. Dr. Cenker Korhan Demir, J. Yzb. Serdar Kavaklı, J. Yzb. Arman Sert..
264 #1 - ÜRERİM, YAYIN, DAĞITIM ve TELİF BİLDİRİMİ
Yayın yeri Ankara :
Yayınlayan Jandarma ve Sahil Güvenlik Akademisi
Yayın tarihi 2020
300 ## - FİZİKSEL TANIMLAMA
Sayfa, Cilt vb. xv, 119 sayfa: resimli; 28 cm.
336 ## - İÇERİK TÜRÜ
Content type term metin
Content type code txt
Source rdacontent
337 ## - MEDYA TÜRÜ
Media type term aracısız
Media type code n
Source rdamedia
338 ## - TAŞIYICI TÜRÜ
Carrier type term cilt
Carrier type code nc
Source rdacarrier
490 1# - DİZİ BİLDİRİMİ
Dizi Bildirimi Jandarma ve Sahil Güvenlik Akademisi yayınları ;
Cilt Numarası No.
490 1# - DİZİ BİLDİRİMİ
Dizi Bildirimi 0092.
490 1# - DİZİ BİLDİRİMİ
Dizi Bildirimi Güvenlik Bilimleri Enstitüsü Yayın No.
490 1# - DİZİ BİLDİRİMİ
Dizi Bildirimi 0010.
490 1# - DİZİ BİLDİRİMİ
Dizi Bildirimi JSGA Eser No.
490 1# - DİZİ BİLDİRİMİ
Dizi Bildirimi 012
500 ## - GENEL NOT
Genel Not Kaynakça var.
650 #0 - KONU BAŞLIĞI EK GİRİŞ - KONU TERİMİ
Konusal terim veya coğrafi ad Birleşik Devletler.Ordu--Tarih--Irak Savaşı, 2003-2011.
9 (RLIN) 132069
650 #0 - KONU BAŞLIĞI EK GİRİŞ - KONU TERİMİ
Konusal terim veya coğrafi ad United States. Army--History--Iraq War, 2003-2011.
9 (RLIN) 132070
830 1# - SERİ EK GİRİŞİ - TEKBİÇİM ESER ADI
Tekbiçim Başlık Jandarma ve Sahil Güvenlik Akademisi yayınları ;
Volume number/sequential designation No.
9 (RLIN) 132071
830 1# - SERİ EK GİRİŞİ - TEKBİÇİM ESER ADI
Tekbiçim Başlık 0092.
9 (RLIN) 132072
830 1# - SERİ EK GİRİŞİ - TEKBİÇİM ESER ADI
Tekbiçim Başlık Güvenlik Bilimleri Enstitüsü Yayın No.
9 (RLIN) 132073
830 1# - SERİ EK GİRİŞİ - TEKBİÇİM ESER ADI
Tekbiçim Başlık 0010.
9 (RLIN) 132074
830 1# - SERİ EK GİRİŞİ - TEKBİÇİM ESER ADI
Tekbiçim Başlık JSGA Eser No.
9 (RLIN) 131832
830 1# - SERİ EK GİRİŞİ - TEKBİÇİM ESER ADI
Tekbiçim Başlık 012
9 (RLIN) 9571
907 ## - LOCAL DATA ELEMENT G, LDG (RLIN)
a Tarih
942 ## - EK GİRİŞ ÖGELERİ (KOHA)
Source of classification or shelving scheme Library of Congress Classification
Koha item type Book
Holdings
Materyal Türü Kalıcı Konum Mevcut Konum Raf Yeri Sınıflandırma Kaynağı Edinim Bilgisi Ana Konular Alt Konular Yer Numarası Demirbaş Numarası Fatura Tarihi Geri Çekilme Durumu Kayıp Durumu Hasarlı Durumu Kredi için değil Kayıt Tarih Toplam Ödünçverme Son Görülme Tarihi Son Kontrol Tarihi Genel / Bağış Notu
Book Prof. Dr. Azmi Özcan Kütüphanesi Prof. Dr. Azmi Özcan Kütüphanesi Uluğbey Salonu Library of Congress Classification Bağış DÜNYA TARİHİ (AVRUPA, ASYA, AFRİKA VB.) Asya DS79.76 .I73 2020 0068691 02/02/2026         05/04/2023   06/03/2025 06/03/2025 Genel Bağış